[Event "Arco op 43rd"]
[Site "Arco"]
[Date "2021.10.10"]
[Round "2"]
[White "Modena, Giorgio"]
[Black "Tripodi, Enzo"]
[Result "0-1"]
[WhiteElo "1841"]
[BlackElo "2053"]
[PlyCount "92"]
[EventDate "2021.10.09"]
[EventType "swiss"]
[EventRounds "9"]
[EventCountry "ITA"]
[SourceTitle "CBM 204 Extra"]
[Source "ChessBase"]
[SourceDate "2021.11.30"]
[SourceVersion "1"]
[SourceVersionDate "2021.11.30"]
[SourceQuality "1"]

1. e4 c5 2. c3 Nf6 3. e5 Nd5 4. Nf3 Nc6 5. Bc4 e6 6. d4 cxd4 7. cxd4 d6 8. 0-0 Be7 9. a3 0-0 10. Bd2 dxe5 11. dxe5 Nb6 12. Ba2 Nd4 13. Nxd4 Qxd4 14. Bc3 Qxd1 15. Rxd1 Bd7 16. Ba5 Ba4 17. Rd4 Bc5 18. Rd2 Rfd8 19. Rxd8+ Rxd8 20. Nc3 Bc6 21. Rd1 Rd7 22. Kf1 g5 23. Bxb6 Rxd1+ 24. Nxd1 Bxb6 25. g3 Bf3 26. Ne3 Bd4 27. Nc4 b5 28. Nd2 Bd5 29. Bxd5 exd5 30. b3 Bxe5 31. Ke2 f5 32. h3 Kf7 33. g4 Ke6 34. Kd3 Bd6 35. a4 bxa4 36. bxa4 Bc5 37. f3 Ke5 38. Nb3 Bg1 39. Na5 Kf4 40. Ke2 Kg3 41. Nc6 Bc5 42. Nb8 Kxh3 43. Nd7 Bb6 44. Nf6 h6 45. Nd7 Bd8 46. a5 fxg4 0-1

[Event "Arco op 42nd"]
[Site "Arco"]
[Date "2020.10.10"]
[Round "1.14"]
[White "Heinert, Eugen"]
[Black "Modena, Giorgio"]
[Result "1-0"]
[WhiteElo "2204"]
[BlackElo "1826"]
[PlyCount "125"]
[EventDate "2020.10.10"]
[EventType "swiss"]
[EventRounds "9"]
[EventCountry "ITA"]
[SourceTitle "CBM 198 Extra"]
[Source "ChessBase"]
[SourceDate "2020.11.30"]
[SourceVersion "1"]
[SourceVersionDate "2020.11.30"]
[SourceQuality "1"]

1. e4 e6 2. Nf3 d5 3. e5 c5 4. b4 c4 5. c3 Ne7 6. d4 cxd3 7. Bxd3 Ng6 8. 0-0 Qc7 9. Qe2 Be7 10. Re1 Nd7 11. Bd2 0-0 12. Na3 a6 13. Nc2 Nb6 14. Ncd4 Bd7 15. h4 Rfc8 16. h5 Nf8 17. h6 g6 18. Bg5 Qd8 19. Bxe7 Qxe7 20. Rac1 Nc4 21. Nd2 Nxd2 22. Qxd2 Ba4 23. Re3 Qg5 24. Re2 Qxd2 25. Rxd2 Rc7 26. c4 dxc4 27. Rxc4 Rac8 28. Rxc7 Rxc7 29. Bc2 Bxc2 30. Nxc2 Rd7 31. Rd4 f6 32. Rc4 fxe5 33. Ne3 Rd4 34. Rc7 Rd7 35. Rc8 Kf7 36. Ng4 Ke7 37. Nxe5 Rd1+ 38. Kh2 Re1 39. f4 g5 40. Rc7+ Kd6 41. Rf7 gxf4 42. Nf3 Ra1 43. Rxf8 e5 44. Re8 Rxa2 45. Rxe5 Ra4 46. Re4 a5 47. Rd4+ Ke6 48. bxa5 Rxa5 49. Rb4 Rh5+ 50. Kg1 b5 51. Rxb5 Rxb5 52. Nd4+ Kf6 53. Nxb5 Kg6 54. Kf2 Kxh6 55. Kf3 Kg5 56. Nd4 h5 57. Ne6+ Kh4 58. Nxf4 Kg5 59. g3 Kh6 60. Nh3 Kg6 61. Kf4 Kf6 62. Ng1 Kg6 63. Nf3 1-0

[Event "Arco op 41st"]
[Site "Arco"]
[Date "2019.10.07"]
[Round "4"]
[White "Modena, Giorgio"]
[Black "Simeone, Giulio"]
[Result "1-0"]
[WhiteElo "1845"]
[BlackElo "2004"]
[PlyCount "91"]
[EventDate "2019.10.04"]
[EventType "swiss"]
[EventRounds "9"]
[EventCountry "ITA"]
[SourceTitle "EXT 2020"]
[Source "ChessBase"]
[SourceDate "2019.10.17"]
[SourceVersion "1"]
[SourceVersionDate "2019.10.17"]
[SourceQuality "1"]

1. e4 c6 2. d4 d5 3. exd5 Qxd5 4. c4 Qa5+ 5. Bd2 Qc7 6. Nc3 Bf5 7. Nf3 Nf6 8. Be2 Nbd7 9. 0-0 e6 10. Qc1 Bd6 11. c5 Be7 12. b4 0-0 13. Bf4 Qc8 14. b5 Nd5 15. Nxd5 exd5 16. Bg5 Re8 17. Re1 h6 18. Bxe7 Rxe7 19. Qc3 Nf6 20. Bd3 Ne4 21. Bxe4 Bxe4 22. bxc6 bxc6 23. Nd2 Qd7 24. Re3 Bg6 25. Rae1 Rxe3 26. Qxe3 Rb8 27. Qc3 Kh7 28. h3 f6 29. Nb3 Be4 30. f3 Bf5 31. Kf2 Qc7 32. Qc1 a5 33. Nd2 Rb4 34. Ke3 Qg3 35. Nb3 a4 36. Na5 Qxg2 37. Rg1 Qxa2 38. Nxc6 Rc4 39. Qe1 Qb3+ 40. Kf4 Bd7 41. Qe7 Rxd4+ 42. Nxd4 Qb8+ 43. Ke3 Qe5+ 44. Qxe5 fxe5 45. Nc2 Bf5 46. Nb4 1-0

[Event "Arco op 40th"]
[Site "Arco"]
[Date "2018.10.17"]
[Round "5"]
[White "Zanchetta, Nicola"]
[Black "Modena, Giorgio"]
[Result "1-0"]
[WhiteElo "2044"]
[BlackElo "1873"]
[PlyCount "33"]
[EventDate "2018.10.13"]
[EventType "swiss"]
[EventRounds "9"]
[EventCountry "ITA"]
[SourceTitle "CBM 186 Extra"]
[Source "ChessBase"]
[SourceDate "2018.08.24"]
[SourceVersion "1"]
[SourceVersionDate "2018.08.24"]
[SourceQuality "1"]

1. d4 d5 2. Nc3 Nf6 3. Bg5 e6 4. e4 dxe4 5. Nxe4 Be7 6. Bxf6 Bxf6 7. Nf3 Be7 8. Bd3 Nd7 9. c3 c5 10. dxc5 Nxc5 11. Nxc5 Bxc5 12. 0-0 0-0 13. Qe2 Qc7 14. Rad1 Be7 15. Bc2 Bf6 16. Rd2 Bd7 17. Qd3 1-0

[Event "Arco op 38th"]
[Site "Arco"]
[Date "2016.10.13"]
[Round "6"]
[White "Martinelli, Michele"]
[Black "Modena, Giorgio"]
[Result "0-1"]
[WhiteElo "1769"]
[BlackElo "2006"]
[PlyCount "77"]
[EventDate "2016.10.08"]
[EventType "swiss"]
[EventRounds "9"]
[EventCountry "ITA"]
[SourceTitle "EXT 2017"]
[Source "ChessBase"]
[SourceDate "2016.10.25"]
[SourceVersion "1"]
[SourceVersionDate "2016.10.25"]
[SourceQuality "1"]

1. Nf3 Nf6 2. g3 g6 3. Bg2 Bg7 4. d4 c6 5. c4 0-0 6. Nc3 d5 7. cxd5 Nxd5 8. 0-0 Nxc3 9. bxc3 Qa5 10. Qc2 Be6 11. e4 Bc4 12. Re1 Nd7 13. Be3 Qa6 14. Rad1 Qxa2 15. Qxa2 Bxa2 16. Ra1 Bc4 17. Ra4 Bb5 18. Ra3 a5 19. Bf1 Bxf1 20. Kxf1 b5 21. Rea1 a4 22. c4 Nb6 23. cxb5 cxb5 24. Rb1 Nc4 25. Ra2 Rfb8 26. Rb4 e6 27. Bf4 Rb7 28. Ne5 Nxe5 29. Bxe5 Bf8 30. Rb1 b4 31. d5 exd5 32. exd5 b3 33. Rab2 Bg7 34. f4 Bxe5 35. fxe5 a3 36. Rxb3 Rxb3 37. Rxb3 a2 38. d6 a1Q+ 39. Kg2 0-1

[Event "Arco op 37th"]
[Site "Arco"]
[Date "2015.10.17"]
[Round "8"]
[White "Antoniacci, Ricardo"]
[Black "Modena, Giorgio"]
[Result "0-1"]
[WhiteElo "1847"]
[BlackElo "1985"]
[PlyCount "86"]
[EventDate "2015.10.10"]
[EventType "swiss"]
[EventRounds "9"]
[EventCountry "ITA"]
[SourceTitle "CBM 168 Extra"]
[Source "ChessBase"]
[SourceDate "2015.10.29"]
[SourceVersion "1"]
[SourceVersionDate "2015.10.29"]
[SourceQuality "1"]

1. e4 e6 2. Qe2 b6 3. g3 Bb7 4. Bg2 c5 5. Nf3 Nc6 6. 0-0 d6 7. d3 Be7 8. Nbd2 Bf6 9. Nc4 b5 10. Ne3 g6 11. Ng4 Bg7 12. Bg5 Qd7 13. c3 h5 14. Ne3 f6 15. Bh3 fxg5 16. Nxg5 Nd8 17. Nd5 Bxd5 18. exd5 Qe7 19. Nxe6 Nxe6 20. Bxe6 Kd8 21. a4 Nf6 22. Rfe1 Re8 23. Qd2 Nd7 24. axb5 Ne5 25. Kg2 Qf6 26. f4 Nd7 27. Ra6 Nb8 28. Ra4 a5 29. d4 Nd7 30. b4 cxb4 31. cxb4 Qxd4 32. Qxd4 Bxd4 33. bxa5 Bc3 34. Rc1 Nc5 35. Ra2 Rxa5 36. Rxa5 Bxa5 37. Bf7 Re2+ 38. Kf3 Rxh2 39. Bxg6 Ke7 40. Ra1 Bb6 41. Ra8 Kf6 42. Bh7 Nb3 43. Rb8 Nd2# 0-1

[Event "Arco op 37th"]
[Site "Arco"]
[Date "2015.10.15"]
[Round "6"]
[White "Modena, Giorgio"]
[Black "Gallucci, Alessio"]
[Result "0-1"]
[WhiteElo "1985"]
[BlackElo "2133"]
[PlyCount "132"]
[EventDate "2015.10.10"]
[EventType "swiss"]
[EventRounds "9"]
[EventCountry "ITA"]
[SourceTitle "CBM 168 Extra"]
[Source "ChessBase"]
[SourceDate "2015.10.29"]
[SourceVersion "1"]
[SourceVersionDate "2015.10.29"]
[SourceQuality "1"]

1. e4 e5 2. Nf3 Nc6 3. Bb5 Nf6 4. 0-0 d6 5. d3 g6 6. c3 Bg7 7. h3 0-0 8. Be3 a6 9. Ba4 b5 10. Bc2 Bb7 11. a4 b4 12. a5 Qe7 13. Qe1 d5 14. Nfd2 bxc3 15. bxc3 d4 16. Bg5 dxc3 17. Nxc3 Nd4 18. Ba4 Qb4 19. Ne2 Rab8 20. Nxd4 exd4 21. Nb3 Qd6 22. f3 Nh5 23. Qd2 f5 24. Rac1 fxe4 25. fxe4 Qg3 26. Rxf8+ Rxf8 27. Rf1 Rxf1+ 28. Kxf1 h6 29. Bxh6 Bxh6 30. Qxh6 Qxd3+ 31. Ke1 Bxe4 32. Nd2 Bd5 33. Bd7 Ng3 34. Bg4 Bf7 35. Qf4 Qc3 36. Bd1 Nf5 37. Qe4 Qg3+ 38. Ke2 Qd6 39. Ke1 Qg3+ 40. Ke2 Qh2 41. Kd3 Qd6 42. Nc4 Bxc4+ 43. Kxc4 Ne3+ 44. Kd3 Nxd1 45. Qxd4 Nb2+ 46. Ke4 Qxd4+ 47. Kxd4 Na4 48. Kc4 Kf7 49. Kb4 Nb6 50. Kc5 Na8 51. h4 Kf6 52. g4 Ke5 53. Kc6 Kf4 54. h5 gxh5 55. gxh5 Kg5 56. Kb7 c5 57. Kxa8 c4 58. Ka7 c3 59. Kxa6 c2 60. Kb7 c1Q 61. a6 Qb2+ 62. Ka8 Qh8+ 63. Kb7 Qg7+ 64. Kb8 Qf8+ 65. Kb7 Qe7+ 66. Kb8 Qe8+ 0-1

[Event "Parma Province-ch"]
[Site "Salsomaggiore Terme"]
[Date "2015.03.21"]
[Round "3"]
[White "Fongarolli, Diego"]
[Black "Modena, Giorgio"]
[Result "1/2-1/2"]
[WhiteElo "2080"]
[BlackElo "1916"]
[PlyCount "35"]
[EventDate "2015.03.20"]
[EventType "swiss"]
[EventRounds "5"]
[EventCountry "ITA"]
[SourceTitle "EXT 2017"]
[Source "ChessBase"]
[SourceDate "2016.10.25"]
[SourceVersion "1"]
[SourceVersionDate "2016.10.25"]
[SourceQuality "1"]

1. e4 e6 2. d4 d5 3. Nd2 Nf6 4. e5 Nfd7 5. Bd3 c5 6. c3 Nc6 7. Ne2 Be7 8. 0-0 cxd4 9. cxd4 0-0 10. f4 f5 11. Kh1 g6 12. Nf3 Rf7 13. Bd2 Nf8 14. Rc1 Bd7 15. Nc3 h6 16. Nb5 Rg7 17. Qe1 Be8 18. Nc3 1/2-1/2

[Event "Parma Province-ch"]
[Site "Salsomaggiore Terme"]
[Date "2015.03.21"]
[Round "2"]
[White "Modena, Giorgio"]
[Black "Megli, Massimo"]
[Result "1-0"]
[WhiteElo "1916"]
[BlackElo "1757"]
[PlyCount "95"]
[EventDate "2015.03.20"]
[EventType "swiss"]
[EventRounds "5"]
[EventCountry "ITA"]
[SourceTitle "EXT 2017"]
[Source "ChessBase"]
[SourceDate "2016.10.25"]
[SourceVersion "1"]
[SourceVersionDate "2016.10.25"]
[SourceQuality "1"]

1. e4 c5 2. Nf3 e6 3. d4 cxd4 4. Nxd4 Nf6 5. Bd3 Nc6 6. Nxc6 dxc6 7. 0-0 Be7 8. c4 0-0 9. Nc3 Qc7 10. Qe2 e5 11. a3 Bg4 12. f3 Bh5 13. Be3 Bg6 14. Rad1 Qa5 15. Kh1 Nh5 16. g3 Rad8 17. Rd2 h6 18. Qf2 b6 19. Qe2 Bg5 20. f4 exf4 21. gxf4 Bf6 22. f5 Bxc3 23. bxc3 Qxc3 24. fxg6 fxg6 25. Rxf8+ Kxf8 26. a4 Nf6 27. Bc2 Re8 28. Bd4 Qh3 29. Bxf6 gxf6 30. Qg2 Qe3 31. Qf2 Qg5 32. Rd6 Qc1+ 33. Kg2 Qg5+ 34. Qg3 Re5 35. Qxg5 Rxg5+ 36. Kf3 Rc5 37. Rxf6+ Kg7 38. e5 Rxc4 39. Rxg6+ Kf7 40. Bb3 Kxg6 41. Bxc4 b5 42. Bd3+ Kg5 43. axb5 cxb5 44. Ke4 b4 45. Bc2 Kg6 46. Kd5+ Kf7 47. Kd6 Ke8 48. e6 1-0

[Event "Arco op 36th"]
[Site "Arco"]
[Date "2014.10.07"]
[Round "4"]
[White "Modena, Giorgio"]
[Black "Anguera Maestro, Jaime"]
[Result "0-1"]
[WhiteElo "1920"]
[BlackElo "2058"]
[PlyCount "204"]
[EventDate "2014.10.04"]
[EventType "swiss"]
[EventRounds "9"]
[EventCountry "ITA"]
[SourceTitle "EXT 2016"]
[Source "ChessBase"]
[SourceDate "2015.10.08"]
[SourceVersion "1"]
[SourceVersionDate "2015.10.08"]
[SourceQuality "1"]

1. e4 e5 2. Nf3 Nc6 3. Bb5 a6 4. Ba4 d6 5. c3 Bd7 6. d3 g6 7. Nbd2 Bg7 8. Nf1 Nge7 9. Ne3 0-0 10. 0-0 h6 11. b4 f5 12. Bb3+ Kh7 13. Bd2 f4 14. Nc2 g5 15. h3 Ng6 16. Kh2 Bf6 17. g4 Kg7 18. Rh1 Rh8 19. Ng1 Nh4 20. Nf3 Ng6 21. Ng1 Nce7 22. Kg2 Nh4+ 23. Kf1 Qe8 24. Ne1 h5 25. f3 Neg6 26. Rh2 Rh6 27. Ng2 hxg4 28. hxg4 Nxg2 29. Rxg2 Rh1 30. Be1 Qh8 31. Ke2 c6 32. Kd2 Rxg1 33. Rxg1 Qh2+ 34. Bf2 Qxf2+ 35. Qe2 Qxe2+ 36. Kxe2 Rh8 37. Rh1 Rxh1 38. Rxh1 Nf8 39. Kd2 Be6 40. Kc2 Bxb3+ 41. Kxb3 Ng6 42. Rf1 Nh4 43. Rf2 Kf7 44. a4 Ke6 45. b5 axb5 46. axb5 Bd8 47. bxc6 bxc6 48. c4 Bb6 49. Rf1 Be3 50. Kc2 Kd7 51. Kd1 Kc7 52. Ke2 Bd4 53. Rb1 Kc8 54. Rh1 Bb6 55. Ra1 Bc7 56. Rb1 Kd7 57. Kf2 Ng6 58. Rh1 Bd8 59. Rh7+ Be7 60. Rh1 Nf8 61. Ra1 Bd8 62. Rh1 Ne6 63. Rh7+ Be7 64. Ke2 Nd4+ 65. Kf2 Ke6 66. Rh6+ Kf7 67. Rh7+ Kf6 68. Rh6+ Kg7 69. Rh1 Bd8 70. Rb1 Ba5 71. Rb7+ Kf6 72. Rb8 Bd2 73. Rf8+ Ke7 74. Rc8 Bb4 75. Rc7+ Kf6 76. Rh7 Bc5 77. Kg2 Ne2 78. Rc7 Nc1 79. Rxc6 Nxd3 80. Kf1 Nb2 81. Rc8 Nxc4 82. Rf8+ Kg7 83. Rb8 Ne3+ 84. Ke2 Nc2 85. Kf1 Nd4 86. Kg2 Kf7 87. Ra8 Ke7 88. Rg8 Ne6 89. Rg6 Bb6 90. Rh6 Bd8 91. Rh7+ Ke8 92. Ra7 Nc7 93. Ra1 Kd7 94. Rh1 d5 95. exd5 Nxd5 96. Rh6 Bf6 97. Kf2 Kd6 98. Ke2 Ke6 99. Kd3 Nb6 100. Rg6 Nd7 101. Kc4 e4 102. fxe4 Ne5+ 0-1

[Event "Giovanni Pico Cup 7th"]
[Site "Mirandola"]
[Date "2014.01.12"]
[Round "5"]
[White "Ferronato, Christian"]
[Black "Modena, Giorgio"]
[Result "0-1"]
[WhiteElo "1503"]
[BlackElo "1932"]
[PlyCount "90"]
[EventDate "2014.01.10"]
[EventType "swiss"]
[EventRounds "5"]
[EventCountry "ITA"]
[SourceTitle "EXT 2015"]
[Source "ChessBase"]
[SourceDate "2014.11.20"]
[SourceVersion "1"]
[SourceVersionDate "2014.11.20"]
[SourceQuality "1"]

1. d4 d5 2. Nf3 Nf6 3. c4 c6 4. e3 e6 5. Bd3 dxc4 6. Bxc4 Nbd7 7. 0-0 b6 8. Nbd2 Bb7 9. b3 Bd6 10. Bb2 0-0 11. Rc1 Rc8 12. e4 Bb8 13. Qe2 Re8 14. e5 Nd5 15. Bxd5 exd5 16. Qd1 f6 17. exf6 Nxf6 18. Re1 Rxe1+ 19. Qxe1 Qe8 20. Ne5 Bxe5 21. dxe5 Nd7 22. f4 Qe6 23. Nf3 Nc5 24. Rd1 Qg4 25. Qh4 Qxh4 26. Nxh4 g6 27. Nf3 Ne6 28. g3 c5 29. Nd2 Rf8 30. Rf1 b5 31. Kf2 g5 32. Rg1 Kg7 33. Ke3 Kg6 34. Rf1 d4+ 35. Kd3 gxf4 36. g4 Rc8 37. h4 h6 38. Rc1 a5 39. Ne4 c4+ 40. bxc4 bxc4+ 41. Rxc4 Bxe4+ 42. Kxe4 Rxc4 43. Kd5 Rc2 44. Kxe6 Rxb2 45. h5+ Kg7 0-1

[Event "ITA-ch Seniors 35th"]
[Site "Arco"]
[Date "2013.04.19"]
[Round "8"]
[White "Blasco, Domenico"]
[Black "Modena, Giorgio"]
[Result "1/2-1/2"]
[WhiteElo "1933"]
[BlackElo "1934"]
[PlyCount "89"]
[EventDate "2013.04.12"]
[EventType "swiss"]
[EventRounds "9"]
[EventCountry "ITA"]
[SourceTitle "CBM 154 Extra"]
[Source "ChessBase"]
[SourceDate "2013.06.25"]
[SourceVersion "2"]
[SourceVersionDate "2013.06.25"]
[SourceQuality "1"]

1. d4 d5 2. Nf3 Nf6 3. e3 c6 4. c4 e6 5. Nbd2 Nbd7 6. Bd3 Be7 7. b3 0-0 8. Bb2 b6 9. 0-0 Bb7 10. Ne5 Re8 11. f4 Nf8 12. Rc1 Rc8 13. g4 N6d7 14. cxd5 exd5 15. g5 f6 16. Nxd7 Qxd7 17. Nf3 Rc7 18. gxf6 Qg4+ 19. Kh1 Bxf6 20. Ne5 Qxd1 21. Rfxd1 Ne6 22. Kg1 c5 23. Bb5 Rd8 24. a4 g6 25. Be2 cxd4 26. Rxc7 Nxc7 27. exd4 Ne6 28. Rf1 Ng7 29. Rc1 Rc8 30. Rxc8+ Bxc8 31. Kf2 g5 32. fxg5 Bxg5 33. Bf3 Bb7 34. Bg4 Bf4 35. h3 Bxe5 36. dxe5 Kf7 37. Ke3 Ne6 38. Bxe6+ Kxe6 39. Kd4 Ba6 40. b4 Bf1 41. h4 h5 42. Bc3 Be2 43. a5 bxa5 44. bxa5 a6 45. Bd2 1/2-1/2

[Event "Giovanni Pico Cup 5th"]
[Site "Mirandola"]
[Date "2012.01.14"]
[Round "3"]
[White "Modena, Giorgio"]
[Black "Varzi, Florian"]
[Result "1-0"]
[WhiteElo "1932"]
[BlackElo "1730"]
[PlyCount "63"]
[EventDate "2012.01.13"]
[EventType "swiss"]
[EventRounds "5"]
[EventCountry "ITA"]
[SourceTitle "EXT 2023"]
[Source "ChessBase"]
[SourceDate "2022.10.05"]
[SourceVersion "1"]
[SourceVersionDate "2022.10.05"]
[SourceQuality "1"]

1. e4 d6 2. d4 Nf6 3. Bd3 e5 4. c3 Nc6 5. d5 Ne7 6. Ne2 g6 7. Ng3 Bg7 8. 0-0 c6 9. c4 0-0 10. Nc3 Ne8 11. Qe1 f5 12. f4 cxd5 13. cxd5 fxe4 14. Bxe4 Nf6 15. fxe5 Nxe4 16. Rxf8+ Qxf8 17. Ngxe4 Bxe5 18. Bg5 b6 19. Qd2 Bb7 20. Rf1 Qg7 21. Bf6 Bxf6 22. Rxf6 Rf8 23. Rxf8+ Qxf8 24. Nxd6 Ba6 25. Qf2 Nc8 26. Qxf8+ Kxf8 27. Nxc8 Bxc8 28. Kf2 Ke7 29. Ke3 a6 30. Kd4 Kf6 31. Ne4+ Kf5 32. Nd6+ 1-0

[Event "Mirandola Giovanni Pico op 4th"]
[Site "Mirandola"]
[Date "2011.01.16"]
[Round "5"]
[White "Modena, Giorgio"]
[Black "Campini, Marco"]
[Result "0-1"]
[WhiteElo "1938"]
[BlackElo "2086"]
[PlyCount "82"]
[EventDate "2011.01.14"]
[EventType "swiss"]
[EventRounds "5"]
[EventCountry "ITA"]
[SourceTitle "EXT 2012"]
[Source "ChessBase"]
[SourceDate "2011.11.24"]
[SourceVersion "1"]
[SourceVersionDate "2011.11.24"]
[SourceQuality "1"]

1. e4 c5 2. Nf3 d6 3. d4 cxd4 4. Nxd4 Nf6 5. Nc3 a6 6. Bg5 e6 7. f4 Qc7 8. Bd3 Be7 9. Qf3 Nbd7 10. 0-0-0 Rb8 11. g4 b5 12. Nce2 Bb7 13. Ng3 Nc5 14. Rhe1 Nxd3+ 15. Rxd3 b4 16. Kb1 Rc8 17. Rd2 h6 18. Bxf6 Bxf6 19. Qf2 Bh4 20. Nf3 Be7 21. f5 Qc5 22. Qxc5 Rxc5 23. h4 Kd7 24. Red1 Rhc8 25. g5 exf5 26. Nxf5 Rxf5 27. exf5 Bxf3 28. Rf1 Bh5 29. f6 gxf6 30. gxf6 Bd8 31. Rf4 a5 32. Rfd4 Rc6 33. Rd5 Bf3 34. Rf5 Bg4 35. Rf4 h5 36. a3 bxa3 37. bxa3 Bb6 38. Re4 Bd8 39. Rf2 Rc5 40. Kb2 Bf5 41. Ref4 Bxf6+ 0-1